[Event "EU-ch 2nd"]
[Site "Ohrid"]
[Date "2001.06.05"]
[Round "5"]
[White "Neverov, Valeriy"]
[Black "Georgiev, Kiril"]
[Result "0-1"]
[WhiteElo "2562"]
[BlackElo "2676"]
[Annotator "Hecht,H"]
[PlyCount "134"]
[EventDate "2001.06.01"]
[EventType "swiss"]
[EventRounds "13"]
[EventCountry "YUG"]
[SourceTitle "CBM 084"]
[Source "ChessBase"]
[SourceDate "2001.09.13"]
[SourceVersion "1"]
[SourceVersionDate "2001.09.13"]
[SourceQuality "1"]

1. d4 e6 2. c4 b6 3. Nf3 Bb7 4. a3 g6 5. Nc3 Bg7 6. e4 d6 7. Bd3 Ne7 8. O-O Nd7
9. Re1 h6 10. Be3 g5 11. Rc1 Ng6 12. b4 O-O 13. Nd2 c5 14. dxc5 dxc5 15. Nb3
Qe7 16. bxc5 Nxc5 17. Nxc5 bxc5 18. Na4 Rac8 19. Rb1 Ba6 20. Qb3 Rfd8 21. Red1
Bd4 22. Be2 Qf6 23. Bxd4 cxd4 24. Nb2 Qe5 25. Qa4 Nf4 26. Bf1 Bb7 27. f3 a5 28.
g3 Ng6 29. Nd3 Qc7 30. Qb5 Ba8 31. Bg2 Rb8 32. Qa4 Bc6 33. Qc2 Ne5 34. Nxe5
Qxe5 35. Rxb8 Qxb8 36. Bf1 Qd6 37. c5 Qe5 38. Bd3 f5 39. Re1 fxe4 40. fxe4 Rf8
41. Rf1 Rxf1+ 42. Kxf1 Kf7 43. Ke1 Ke7 44. Kd2 h5 45. Kc1 Kd8 46. Kb1 Kc7 47.
Ka2 a4 48. Kb1 Kd8 49. Ka2 Ke7 50. Kb1 h4 51. gxh4 gxh4 52. Qf2 Qxc5 53. Qxh4+
Kd7 54. Qh7+ Kd6 55. Qg7 Qc3 56. Bc2 Qe1+ 57. Kb2 Qc3+ 58. Kb1 Qc4 59. Qg3+ Kd7
60. Qg7+ Kc8 61. Qg8+ Kb7 62. Qd8 Qc5 63. h4 e5 64. Qf6 Qxa3 65. Qxe5 d3 {
[#] Abwicklung in ein gewonnenes Läuferendspiel nach Einladung durch den
Gegner.} 66. Qb2+ $4 (66. Bd1 $1 d2 67. Qb2+ Qxb2+ 68. Kxb2 Bxe4 69. Kc3 a3 70.
Kb3 $11) 66... Qxb2+ 67. Kxb2 a3+ $1 (67... a3+ 68. Kxa3 (68. Kb3 a2 $1 (68...
Ba4+ $2 69. Kxa3 Bxc2 (69... dxc2 70. Kb2 Kc7 71. h5 $11) 70. Kb2 $11) 69. Kxa2
dxc2 70. Kb2 Bxe4 $19) (68. Kc1 a2 69. Kb2 dxc2 $19) 68... dxc2 69. Kb2 Bxe4
$19) 0-1

[Event "POL-ch 57th"]
[Site "Plock"]
[Date "2000.05.04"]
[Round "7"]
[White "Urban, Klaudiusz"]
[Black "Gdanski, Jacek"]
[Result "0-1"]
[WhiteElo "2467"]
[BlackElo "2535"]
[Annotator "Hecht,H"]
[PlyCount "110"]
[EventDate "2000.04.28"]
[EventType "tourn"]
[EventRounds "13"]
[EventCountry "POL"]
[EventCategory "10"]
[SourceTitle "CBM 078"]
[Source "ChessBase"]
[SourceDate "2000.10.18"]
[SourceVersion "1"]
[SourceVersionDate "2000.10.18"]
[SourceQuality "1"]

1. d4 g6 2. c4 Bg7 3. Nf3 c5 4. d5 d6 5. g3 e6 6. Nc3 exd5 7. Nxd5 Nc6 8. Bg2
Nge7 9. Nxe7 Qxe7 10. O-O O-O 11. Bf4 Ne5 12. Nxe5 dxe5 13. Be3 Rd8 14. Bd5 Be6
15. Qb3 Bxd5 16. cxd5 b6 17. Rfd1 Rd6 18. a4 a5 19. Qc4 f5 20. Ra3 h5 21. Rb3
Kh7 22. Rb5 Bh6 23. Bxh6 Kxh6 24. Rb3 e4 25. Re3 Rad8 26. f3 Qe5 27. fxe4 Re8
28. Rf1 Qd4 29. Qxd4 cxd4 30. Rd3 Rxe4 31. Rfd1 Rxe2 32. Rxd4 Rxb2 33. Rc1 Kg7
34. Rc6 Rxc6 35. dxc6 Rc2 36. Rd7+ Kf6 37. c7 Ke6 38. Rg7 Kd6 39. Rxg6+ Kxc7
40. Rg5 Ra2 41. Rxh5 Rxa4 42. Rxf5 Rg4 43. Kf2 a4 44. Ke3 Kc6 45. Kd3 b5 {
[#] Thema: Übergang ins Bauernendspiel, wobei die vereinzelten Freibauern den
verbundenen infolge Mattangriff unterliegen.} 46. Rf4 (46. Rf6+ Kc5 47. Rf5+
Kb4 48. Rf4+ Rxf4 49. gxf4 a3 50. Kc2 Kc4 51. Kb1 b4 52. Ka2 Kc3 53. f5 b3+ 54.
Kxa3 b2 $19) (46. Rf3 $142 {mit der Idee h4}) 46... Rxf4 47. gxf4 Kd5 48. h4 (
48. Kc3 Ke4 $19) 48... b4 49. h5 a3 (49... Ke6 50. h6 Kf6 51. f5 a3 52. Kc2 a2
53. Kb2 b3 54. Ka1 $11) 50. Kc2 Kc4 51. h6 b3+ 52. Kb1 (52. Kc1 Kc3 53. h7 b2+
54. Kb1 Kb3 55. h8=Q a2#) 52... Kc3 53. h7 a2+ 54. Ka1 b2+ 55. Kxa2 Kc2 0-1

[Event "EU-chT (Men) 13th"]
[Site "Leon"]
[Date "2001.11.08"]
[Round "3.1"]
[White "Ftacnik, Lubomir"]
[Black "Kengis, Edvins"]
[Result "1/2-1/2"]
[WhiteElo "2566"]
[BlackElo "2561"]
[Annotator "Hecht,H"]
[PlyCount "80"]
[EventDate "2001.11.06"]
[EventType "team-swiss"]
[EventRounds "9"]
[EventCountry "ESP"]
[SourceTitle "CBM 086"]
[Source "ChessBase"]
[SourceDate "2002.02.05"]
[SourceVersion "1"]
[SourceVersionDate "2002.02.05"]
[SourceQuality "1"]
[WhiteTeam "Slovakia"]
[BlackTeam "Latvia"]
[WhiteTeamCountry "SVK"]
[BlackTeamCountry "LAT"]

1. c4 b6 2. d4 Bb7 3. Nc3 e6 4. a3 f5 5. d5 Nf6 6. g3 b5 7. Bg2 bxc4 8. Nh3 Na6
9. O-O Nc5 10. dxe6 Bxg2 11. exd7+ Qxd7 12. Qxd7+ Kxd7 13. Kxg2 Nb3 14. Rb1 Bd6
15. Ng5 Rhe8 16. Rd1 h6 17. Nf3 Ne4 {#} 18. Nxe4 Rxe4 19. e3 g5 20. Nd2 Nxd2
21. Bxd2 g4 22. h3 gxh3+ 23. Kxh3 Rg8 24. Bc3 Ke6 25. Rd4 Rxd4 26. Bxd4 c5 27.
Bc3 Be5 28. Bxe5 Kxe5 29. Rc1 Kd5 30. Rc2 Rb8 {[%csl Re3,Rf4][%cal Yd5c4,Yc4d3,
Yd3e4,Ye4e3,Ye3f4] [#] Thema: Passiver König (W) gegen im Zentrum aktiven
König (S)} 31. g4 c3 $1 32. bxc3 (32. Rxc3 Rxb2 33. gxf5 (33. f4 fxg4+ 34. Kxg4
c4 35. Kf5 Rb3 36. e4+ Kd4 37. Rc1 Rxa3 38. e5 $11) 33... Rxf2 34. Kg4 h5+ 35.
Kg5 h4 $15) 32... fxg4+ 33. Kxg4 Kc4 34. f4 Kd3 35. Rh2 Ke4 $1 36. Rxh6 (36.
Rh3 Rg8+ 37. Kh5 c4 38. a4 a5 $11) 36... Rg8+ 37. Kh5 {Blendet den weißen
König vom weiteren Spielgeschehen aus.} Kxe3 38. Rc6 (38. f5 Kf4 $11) 38...
Kxf4 39. Rxc5 Ke3 40. Rc7 Kd3 1/2-1/2

[Event "GRE-GER m"]
[Site "Corfu"]
[Date "1999.10.14"]
[Round "3"]
[White "Jussupow, Artur"]
[Black "Nikolaidis, Ioannis"]
[Result "1-0"]
[WhiteElo "2636"]
[BlackElo "2505"]
[Annotator "Hecht,H"]
[PlyCount "101"]
[EventDate "1999.10.12"]
[EventType "schev"]
[EventRounds "5"]
[EventCountry "GRE"]
[SourceTitle "CBM 074"]
[Source "ChessBase"]
[SourceDate "2000.02.01"]
[SourceVersion "1"]
[SourceVersionDate "2000.02.01"]
[SourceQuality "1"]

1. d4 g6 2. c4 Bg7 3. Nc3 c5 4. d5 Bxc3+ 5. bxc3 f5 6. h4 Qa5 7. h5 d6 8. Qb3
gxh5 9. Nh3 Nf6 10. Nf4 Nbd7 11. Nxh5 Nxh5 12. Rxh5 Nf6 13. Rh4 Bd7 14. f3
O-O-O 15. Bg5 Rdg8 16. Bxf6 exf6 17. Rb1 Qc7 18. Qc2 Kb8 19. Rc1 Qd8 20. Kf2
Qe7 21. Qd2 Qe5 22. Qf4 Rg7 23. e3 Kc7 24. Bd3 Rhg8 25. Rh2 Re8 26. Qxe5 fxe5
27. Rch1 Ree7 28. f4 exf4 29. exf4 a6 30. Rh6 Ref7 31. Kf3 b5 32. a3 bxc4 33.
Bxc4 Bb5 34. Bxb5 axb5 35. R1h5 c4 36. Rg5 Rxg5 37. fxg5 Kb6 38. Rxd6+ Kc5 39.
Ra6 Kxd5 40. Ra5 Kc6 41. a4 bxa4 42. Rxa4 Kb5 43. Rb4+ Kc5 44. Kf4 Rd7 45. g3
Rd1 46. Kxf5 Rd3 47. Kg4 Rxc3 48. Rb7 {[#] Nach dem Gewinn des Bh7 wirkt die
horizontale Sperre entscheidend. Dass weiß nur einen Doppelbauern hat, hindert
ihn nicht am Gewinn.} Kd6 (48... Rd3 49. Rxh7 Rd6 50. Rc7+ Kd4 51. Kf5 c3 52.
g6 $18) 49. Rxh7 Ke6 (49... Rb3 50. g6 Rb8 51. g7 Rg8 52. Kf5 c3 53. Kf6 c2 54.
Rh1 Rc8 55. Rc1 $18 {[%csl Rc2]}) 50. Rc7 $1 {Die horizontale Sperre
entscheidet.} Rd3 51. g6 1-0

[Event "BIH-chT"]
[Site "Neum"]
[Date "2002.06.03"]
[Round "3.1"]
[White "Bistric, Faruk"]
[Black "Markovic, Miroslav"]
[Result "0-1"]
[WhiteElo "2494"]
[BlackElo "2517"]
[Annotator "Hecht,H"]
[PlyCount "154"]
[EventDate "2002.06.02"]
[EventType "team"]
[EventRounds "9"]
[EventCountry "BIH"]
[SourceTitle "CBM 090"]
[Source "ChessBase"]
[SourceDate "2002.09.20"]
[SourceVersion "1"]
[SourceVersionDate "2002.09.20"]
[SourceQuality "1"]
[WhiteTeam "Sarajevo"]
[BlackTeam "Sokolac"]
[WhiteTeamCountry "BIH"]
[BlackTeamCountry "BIH"]

1. Nf3 g6 2. e4 c5 3. c4 Nc6 4. d4 Bg7 5. dxc5 Qa5+ 6. Nfd2 Qxc5 7. Be2 Nd4 8.
O-O Nf6 9. Nc3 d6 10. Nb3 Nxe2+ 11. Qxe2 Qc7 12. Bg5 Be6 13. Nd5 Bxd5 14. cxd5
O-O 15. Rac1 Qd7 16. f3 Rfe8 17. Rc2 e6 18. Rd1 exd5 19. Bxf6 Bxf6 20. Rxd5
Rac8 21. Rcd2 Qa4 22. Ra5 Qc6 23. Qb5 Qc7 24. Rxa7 Re7 25. g3 h5 26. Kg2 h4 27.
Ra4 hxg3 28. hxg3 Kg7 29. Qd5 Rh8 30. Qxd6 Qc8 31. g4 Qe8 32. Ra5 Rxe4 33. g5
Re2+ 34. Kg3 Be5+ 35. Rxe5 Qxe5+ 36. Qxe5+ Rxe5 37. Kf4 Rf5+ 38. Kg4 Ra8 39. f4
Rxa2 40. Rd7 Rb5 41. Nd4 Rbxb2 42. Ne6+ Kg8 43. Rd8+ Kh7 44. Rd7 Ra8 45. Rxf7+
Kh8 46. Rf6 b5 47. Rxg6 Rh2 48. Nc7 Rb8 49. Na6 Rf8 50. Nc5 Rc8 51. Nd3 Rb8 52.
Nb4 Rg2+ 53. Kh5 Rb7 54. Rc6 Rd2 55. f5 Rh7+ 56. Kg6 Rd8 57. f6 Rg8+ 58. Kf5
Rh5 59. Ke6 Rhxg5 60. Nd5 Rb8 61. Rc1 Rh5 62. f7 b4 63. Nf6 Rb6+ 64. Ke7 Re5+
65. Kf8 Rb8+ 66. Ne8 Kh7 67. Rh1+ Kg6 68. Rg1+ Kf5 69. Rf1+ Kg4 70. Kg7 Rexe8
71. fxe8=Q Rxe8 {Einfache Technik bei abgeschnittenen Königen, wobei der
Verteidigerturm nicht gleichzeitig den Bauern kontrollieren und den König
abschneiden kann.} 72. Rf7 (72. Rb1 $142 Rb8 73. Kf6 Kf4 74. Ke6 Ke4 75. Kd6 b3
(75... Kd3 76. Kc7 Kc2 $1 77. Rh1 Re8 $19) ({aber nicht} 75... Kd4 $2 76. Kc7
$1 Rb5 77. Kc6 Rc5+ 78. Kb6 Rc4 79. Kb5 $11) 76. Kc5 Kd3 $19) 72... Re4 (72...
Rb8 $144 $19 {Turm hinter den Freibauern}) 73. Rf1 (73. Rb7 Kf4 74. Kf6 Ke3 75.
Kf5 Kd3 $19) 73... b3 74. Rb1 Rb4 75. Kf6 Kf4 76. Ke6 Ke4 77. Kd6 Kd4 0-1

[Event "Orel"]
[Site "Orel"]
[Date "1995.??.??"]
[Round "4"]
[White "Tunik, Gennady"]
[Black "Lempert, Igor"]
[Result "1-0"]
[WhiteElo "2530"]
[BlackElo "2510"]
[Annotator "Hecht,H"]
[PlyCount "107"]
[EventDate "1995.??.??"]
[EventType "tourn"]
[EventRounds "9"]
[EventCountry "RUS"]
[EventCategory "10"]
[SourceTitle "CBM 048"]
[Source "ChessBase"]
[SourceDate "1995.10.01"]
[SourceVersion "1"]
[SourceVersionDate "1995.10.01"]
[SourceQuality "1"]

1. d4 e6 2. c4 b6 3. a3 Bb7 4. Nc3 f5 5. d5 Nf6 6. Nf3 g6 7. g3 Bg7 8. Bg2 O-O
9. O-O Na6 10. Rb1 Nc5 11. Nd2 Ne8 12. b4 Nd3 13. exd3 Bxc3 14. Nf3 Bf6 15.
dxe6 dxe6 16. Re1 Ng7 17. Ne5 Bxg2 18. Kxg2 Qd6 19. Qe2 Rad8 20. Rb3 b5 21. Bb2
f4 22. Qe4 fxg3 23. hxg3 a6 24. Nc6 Rde8 25. c5 Qd7 26. Bxf6 Rxf6 27. Ne5 Qd5
28. Rb2 Rff8 29. Qxd5 exd5 30. Rbe2 Nf5 31. Nc6 Rxe2 32. Rxe2 Rf6 33. Ne7+ Nxe7
34. Rxe7 c6 35. Ra7 h5 36. f4 Re6 37. Kf2 Kf8 38. Rxa6 Kf7 39. Ra7+ Kf6 40. Rd7
Kf5 41. Kf3 Rf6 42. Rd6 Re6 43. Rxe6 Kxe6 {6-5 P, rückständiger weißer
Mehrbauer, Plan: Auflösen aller K-Flügelbauern, K-Marsch zum Q-Flügel} 44. g4
hxg4+ 45. Kxg4 Kf6 46. d4 Kf7 47. f5 Kf6 48. fxg6 Kxg6 49. Kf4 Kf6 50. Ke3 Ke6
51. Kd3 Kf6 52. Kc3 Kf5 53. Kb2 $1 (53. Kb3 Ke4 54. a4 bxa4+ 55. Kxa4 Kxd4 56.
Ka5 Kc4 57. b5 d4 58. bxc6 d3 59. c7 d2 60. c8=Q d1=Q 61. Qe6+ Kc3 62. c6 $18)
53... Ke4 54. a4 1-0

[Event "Winterthur"]
[Site "Winterthur"]
[Date "1996.??.??"]
[Round "8"]
[White "Hjartarson, Johann"]
[Black "Ballmann, Martin"]
[Result "1-0"]
[WhiteElo "2565"]
[BlackElo "2360"]
[Annotator "Hjartarson,J"]
[PlyCount "63"]
[EventDate "1996.09.??"]
[EventType "tourn"]
[EventRounds "11"]
[EventCountry "SUI"]
[EventCategory "9"]
[SourceTitle "CBM 055"]
[Source "ChessBase"]
[SourceDate "1996.12.01"]
[SourceVersion "1"]
[SourceVersionDate "1996.12.01"]
[SourceQuality "1"]

1. c4 g6 2. d4 c5 3. d5 b5 $2 {Ballmann is a dedicated Benko-Gambit adherant,
but at this point it would have been wise to give it a rest, because now White
manages to get very favourable version of this popular gambit.} 4. cxb5 a6 5.
e4 axb5 {Perhaps it was better to delay this swop and play Lg7 and see what
intentions White has with his light-square Bishop.} 6. Bxb5 Bg7 7. Ne2 $1 Qa5+
8. Nbc3 Ba6 9. Bxa6 Nxa6 {9...Da6 intending d6 and Sd7 may have been better.
Black said he feared possible a4 and Sb5, but at least White will not be able
to go on the offensive in the center as happens in the game.} 10. O-O d6 11. f4
$1 {Black's serious lack in development allows White to attack in the center
and prevent castling.} Nf6 12. e5 dxe5 (12... Nd7 13. e6 fxe6 14. dxe6 Nf6 15.
f5 {with an irresistable attack.}) 13. fxe5 Nd7 (13... Ng4 14. e6 fxe6 15. Nf4
$1 Bd4+ 16. Kh1 Nf2+ 17. Rxf2 Bxf2 18. Nxe6 Nc7 19. Qf3 {wins for White.}) 14.
e6 fxe6 15. Bg5 (15. dxe6 Nf6 16. Rxf6 Rd8 $1 {was less clear.}) 15... Nf6 16.
Nf4 Nc7 (16... exd5 17. Ne6 $1 Kf7 18. Qxd5 $18) 17. d6 exd6 {[#]} 18. Nxe6 $1
Nxe6 19. Qe2 (19. Bxf6 $2 O-O 20. Qxd6 Bxf6 21. Qxe6+ Kg7 {gives Black some
hope of survival.}) 19... Kd7 (19... O-O 20. Qxe6+ Rf7 21. Bxf6 {just loses a
piece.}) 20. Bxf6 Rhf8 21. Ne4 {White has multible threaths in this position
and it is impossible to cover them all.} Kc7 22. Bxg7 Nxg7 23. Rxf8 Rxf8 {[#]}
24. Nxd6 $1 Kxd6 25. Rd1+ Kc6 26. Qe4+ Kb5 27. Qd3+ c4 28. Qd5+ {Black
resigned, since after} Ka6 (28... Kb6 29. Qd6+) 29. Qxc4+ Kb6 30. Rd6+ Kb7 31.
Rd7+ Kb8 32. Qb3+ {he gets mated.} 1-0

[Event "New York WFW"]
[Site "New York"]
[Date "1990.??.??"]
[Round "?"]
[White "Averbakh, Yuri L"]
[Black "King, Daniel J"]
[Result "1/2-1/2"]
[WhiteElo "2450"]
[BlackElo "2560"]
[Annotator "Horn,Pe"]
[PlyCount "91"]
[EventDate "1990.09.??"]
[EventType "tourn"]
[EventRounds "9"]
[EventCountry "USA"]
[EventCategory "11"]
[SourceTitle "CBM 020"]
[Source "ChessBase"]
[SourceDate "1991.02.01"]
[SourceVersion "1"]
[SourceVersionDate "1991.02.01"]
[SourceQuality "1"]

1. g3 g6 2. Bg2 Bg7 3. d4 c5 4. c3 Qc7 5. Na3 $5 {N} (5. e4 $2 cxd4 6. cxd4
Bxd4 7. Qxd4 Qxc1+ 8. Ke2 Nf6) (5. Nf3 Nf6 $10) 5... Nf6 6. e4 d6 7. Ne2 O-O 8.
O-O $14 Nc6 $6 9. d5 Ne5 10. f4 Ned7 11. c4 a6 12. Nc3 Rb8 13. Re1 b5 14. cxb5
c4 15. e5 dxe5 16. fxe5 Ne8 (16... Nxe5 $2 17. Rxe5 Qxe5 18. Bf4) 17. d6 $1
exd6 18. exd6 Qd8 $8 (18... Qxd6 19. Bf4 Qxd1 20. Raxd1 Rb6 21. Nxc4 $18) (
18... Nxd6 19. Bf4) (18... Qa5 19. Nxc4) 19. Nd5 $1 (19. bxa6 Bxa6 20. Nd5)
19... axb5 (19... Bb7 20. bxa6 $18) 20. Ne7+ Kh8 21. Nc6 Qb6+ 22. Be3 Qa6 23.
Nxb8 (23. Nc2 $5 $16) 23... Nxb8 24. Bd4 (24. Nc2 $5 Bxb2 (24... Nxd6 25. Nb4)
(24... Qxd6 25. Qxd6 Nxd6 26. Bc5) 25. Bd4+ Bxd4+ 26. Qxd4+ Kg8 27. Rad1) 24...
Nf6 (24... Qxd6 25. Nxb5 $18) (24... Nxd6 25. Bxg7+ Kxg7 26. Qd4+ Kg8 27. Nc2
$16) 25. Rf1 (25. Re5 $5) 25... Bf5 26. Bxf6 Bxf6 27. g4 Bxb2 28. gxf5 Qxa3 29.
fxg6 hxg6 30. Rb1 (30. d7 Qe7) 30... Nd7 31. Qc2 Qc5+ 32. Kh1 Bd4 33. Rfd1 Ne5
34. Qe4 Nd3 35. Rxd3 $10 cxd3 36. Qxd3 Qxd6 37. Rd1 Rd8 38. Qxb5 Kg7 39. Qc4
Qe5 40. a4 Bb6 41. Rf1 Rd7 42. Qb5 Qd6 43. Bc6 Bc7 44. Qb2+ Qd4 45. Rf2 Qxb2
46. Rxb2 1/2-1/2

[Event "Toledo"]
[Site "Toledo"]
[Date "1991.??.??"]
[Round "6"]
[White "Ubilava, Elizbar"]
[Black "Martin Gonzalez, Angel"]
[Result "1-0"]
[WhiteElo "2535"]
[BlackElo "2445"]
[Annotator "Horn,Pe"]
[PlyCount "59"]
[EventDate "1991.02.??"]
[EventType "tourn"]
[EventRounds "9"]
[EventCountry "ESP"]
[EventCategory "8"]
[SourceTitle "CBM 022"]
[Source "ChessBase"]
[SourceDate "1991.06.01"]
[SourceVersion "1"]
[SourceVersionDate "1991.06.01"]
[SourceQuality "1"]

1. g3 c5 2. Bg2 g6 3. c3 Bg7 4. d4 cxd4 5. cxd4 Qb6 (5... d5 $10) 6. Nf3 Nc6 7.
e3 (7. d5 Bxb2 8. Bxb2 Qxb2 9. Nbd2 Nd4 $13) 7... Qa6 8. Nc3 Nf6 9. Bf1 Qa5 10.
Bd2 d6 11. a3 Bg4 12. h3 (12. b4 $5 Bxf3 13. Qxf3 $14) 12... Bxf3 13. Qxf3 O-O
14. Bg2 Qa6 15. Qe2 Qxe2+ 16. Kxe2 e6 (16... Rfc8 $5 $14) 17. Bxc6 $1 $16 bxc6
18. Rac1 Rfc8 19. Rc2 c5 (19... Rc7 $2 20. Nb5 $18) (19... a5 20. Na4 Ra6 $16)
20. dxc5 Rxc5 21. Rhc1 Rac8 22. b4 Rc4 23. Kd1 a6 24. Ne4 d5 $2 (24... Rxc2 25.
Nxf6+ Bxf6 26. Rxc2 Rxc2 27. Kxc2 $16) 25. Rxc4 dxc4 26. Nd6 Rd8 27. Nxc4 Ne4
28. Ke2 Nxd2 29. Nxd2 Bb2 30. Rb1 (30. Rb1 Bxa3 31. Nc4 $18) 1-0

[Event "EU-ch 1st"]
[Site "Saint Vincent"]
[Date "2000.07.13"]
[Round "10"]
[White "Romanishin, Oleg M"]
[Black "Lobron, Eric"]
[Result "1-0"]
[WhiteElo "2591"]
[BlackElo "2530"]
[Annotator "Horn,Pe"]
[PlyCount "69"]
[EventDate "2000.07.03"]
[EventType "swiss"]
[EventRounds "11"]
[EventCountry "ITA"]
[SourceTitle "CBM 078"]
[Source "ChessBase"]
[SourceDate "2000.10.18"]
[SourceVersion "1"]
[SourceVersionDate "2000.10.18"]
[SourceQuality "1"]

1. Nf3 c5 2. g3 g6 3. c3 Bg7 4. d4 Qa5 {->A40} 5. Nbd2 cxd4 6. Nb3 Qb6 7. cxd4
Nf6 ({Die Erfahrungen mit dem soliden} 7... d5 {waren bislang nicht schlecht.})
8. Bg2 O-O 9. O-O d6 (9... a5 10. Nc5 Qa7 11. Bg5 d6 12. Bxf6 Bxf6 13. Ne4 Bg7
14. e3 b5 $11 {Saidy,A-Ivanov,A/Philadelphia 1995}) 10. d5 $5 $146 ({Mit den
Alternativen kam Schwarz bislang recht gut zurecht:} 10. Re1 Bf5 11. Nh4 Be4
12. Bxe4 (12. f3 Bc6 13. e4 Ba4 14. Be3 Na6 15. Bh3 {1/2-1/2 Rashkovsky,
N-Khalifman,A/Maikop 1998}) 12... Nxe4 13. f3 Nf6 14. e4 Nbd7 15. Be3 Qa6 {
Georgiev,K-Dzindzichashvili,R/Thessaloniki 1984 Die schwarze Stellung ist sehr
solide.}) (10. Nfd2 Bd7 11. Nc4 Qa6 12. Nca5 d5 13. Bg5 Ne4 14. Bxe4 dxe4 15.
Rc1 $13 {Vucic,M-Ivanov,A/New York 1991}) (10. Nbd2 Nc6 11. Nc4 Qa6 12. Ne3 e5
13. d5 Ne7 14. a4 Nf5 15. b3 Nxe3 16. Bxe3 Bf5 $132 {Honos,A-Horvath,C/Hungary
1996}) 10... Bd7 11. Be3 Qa6 12. Bd4 Qa4 13. Re1 Na6 14. e4 Nc7 15. e5 Nfxd5
16. exd6 exd6 17. Bxg7 Kxg7 18. Ng5 Bc6 19. Re4 Qb5 (19... Qa6 20. a4) 20. a4
Qb6 21. a5 Qa6 22. Nd4 Rae8 (22... h6 23. Bf1 b5 24. Nxc6 Qxc6 (24... hxg5 25.
Rc1 $16) 25. Rc1 Qd7 26. Qd4+ Nf6 (26... Kg8 27. Rh4 h5 28. Bg2 $44) 27. Rf4
Ncd5 28. Ne4 Qe7 29. Nxf6 Nxf6 30. Bxb5 $16) 23. Bf1 b5 24. Rh4 $5 {Romanishin
mag die Qa6 nicht aus ihrer mißlichen Lage befreien.} ({Immerhin hätte} 24.
axb6 Qxb6 25. Nxc6 Qxc6 26. Qd4+ Kg8 27. Rxa7 $16 {den P bei bleibender
Initiative zurückgewonnen.}) 24... h6 25. Ne4 ({Nicht zwingend ist} 25. Nf5+ $6
gxf5 26. Qh5 Re6 27. Nxe6+ fxe6 28. Qxh6+ Kf7 {und der Kf7 ist nicht recht zu
packen.}) 25... Rxe4 (25... Bd7 {war vielleicht schlauer}) 26. Rxe4 Nc3 27. Qc1
$1 Nxe4 (27... Bxe4 28. Qxc3 $18) 28. Nxc6 $44 Ne6 29. Nb4 Qb7 (29... Qc8 30.
Qe3) 30. Bg2 Rc8 (30... f5 $142) 31. Qe1 Rc4 $2 ({Einzig} 31... d5 {leistete
Widerstand:} 32. Rd1 Rd8 33. a6 Qa8 34. Rd3 $44) 32. b3 $18 Rd4 (32... Rxb4 33.
Qxb4 $18) 33. Nc2 d5 34. Nxd4 Nxd4 35. Bxe4 1-0